| 000 | 00393cam a2200169 4500 | ||
|---|---|---|---|
| 001 | D12689 | ||
| 008 | 090401t1962 xxu||||| |||| 00| 0 eng d | ||
| 035 | _a(Sirsi) u94233 | ||
| 041 | _aeng | ||
| 110 |
_aEuropean Economic Community _9711 |
||
| 245 | _aTreaty setting up the EEC | ||
| 260 |
_aLondon _bHMSO _c1962 |
||
| 350 | _a0 | ||
| 520 | _aShelf 179 | ||
| 942 | _n0 | ||
| 948 | _c04/03/1997 | ||
| 999 |
_c97950 _d97950 |
||